[Event "Barquisimeto Cup Lara op"]
[Site "Barquisimeto"]
[Date "2019.02.17"]
[Round "5.7"]
[White "Lercari Pernalete, Alfonso Jose"]
[Black "Gil Oviedo, Luis Mariano"]
[Result "0-1"]
[WhiteElo "1136"]
[BlackElo "1294"]
[PlyCount "50"]
[EventDate "2019.02.15"]
[EventType "swiss"]
[EventRounds "5"]
[EventCountry "VEN"]
[SourceTitle "EXT 2022"]
[Source "ChessBase"]
[SourceDate "2021.10.06"]
[SourceVersion "1"]
[SourceVersionDate "2021.10.06"]
[SourceQuality "1"]

1. e4 e6 2. d4 d5 3. e5 c5 4. c3 Nc6 5. Nf3 Qb6 6. Be3 cxd4 7. cxd4 Qxb2 8. Nbd2 Qb6 9. Nb3 Bb4+ 10. Bd2 Nge7 11. Bxb4 Qxb4+ 12. Qd2 Qxd2+ 13. Nfxd2 Nf5 14. Nf3 0-0 15. Bb5 Nb4 16. 0-0 a6 17. Be2 Bd7 18. Nc5 Bc6 19. Rab1 Nxa2 20. Nxb7 Nc3 21. Bd3 Nxb1 22. Rxb1 Bxb7 23. Rxb7 a5 24. Bc2 a4 25. Bb1 Rfb8 0-1

[Event "VEN-ch U20"]
[Site "Maracay"]
[Date "2018.05.31"]
[Round "7"]
[White "Gil Oviedo, Luis Mariano"]
[Black "Rivas Lugo, Jonathan Eliasib"]
[Result "1-0"]
[WhiteElo "1417"]
[BlackElo "1210"]
[PlyCount "63"]
[EventDate "2018.05.31"]
[EventType "swiss"]
[EventRounds "7"]
[EventCountry "VEN"]
[SourceTitle "EXT 2019"]
[Source "ChessBase"]
[SourceDate "2018.10.10"]
[SourceVersion "1"]
[SourceVersionDate "2018.10.10"]
[SourceQuality "1"]

1. e4 e5 2. Nf3 Nc6 3. Bb5 a6 4. Ba4 Nf6 5. d3 Be7 6. Bxc6 bxc6 7. Nxe5 0-0 8. 0-0 Re8 9. Bg5 h6 10. Be3 Bc5 11. Nxc6 dxc6 12. Bxc5 Re5 13. Be3 Ng4 14. Bf4 Rh5 15. h3 Qg5 16. Bg3 Nxf2 17. Kxf2 Qf6+ 18. Kg1 Qg5 19. Qf3 f6 20. Qf4 Bxh3 21. Qxg5 Rxg5 22. gxh3 Rxg3+ 23. Kh2 Rg5 24. Nd2 Re8 25. Nc4 Kf7 26. Rf3 g6 27. Rff1 Re6 28. h4 Rh5 29. Kg3 g5 30. hxg5 Rxg5+ 31. Kh4 Kg6 32. Rxf6+ 1-0

[Event "Valera FVA 82nd Anniv"]
[Site "Valera"]
[Date "2017.12.14"]
[Round "4"]
[White "Gil Oviedo, Luis Mariano"]
[Black "Duran Cordero, Pablo Rafael"]
[Result "1-0"]
[WhiteElo "1396"]
[BlackElo "1575"]
[PlyCount "44"]
[EventDate "2017.12.13"]
[EventType "swiss"]
[EventRounds "7"]
[EventCountry "VEN"]
[SourceTitle "CBM 182 Extra"]
[Source "ChessBase"]
[SourceDate "2018.02.23"]
[SourceVersion "1"]
[SourceVersionDate "2018.02.23"]
[SourceQuality "1"]

1. e4 c5 2. Nf3 e6 3. d4 cxd4 4. Nxd4 Nf6 5. Nc3 d6 6. Bc4 a6 7. Be3 b5 8. Bd3 Bb7 9. f3 Be7 10. Qd2 Nbd7 11. Qf2 Ne5 12. a3 Nfd7 13. 0-0 0-0 14. Rfd1 Rc8 15. Rac1 Nc4 16. Bxc4 Rxc4 17. Rd3 Ne5 18. Rcd1 Rc8 19. Nb3 Nc4 20. Rb1 Nxb2 21. Rxb2 Rxc3 22. Rxc3 d5 1-0